| 000 | 02446cam a22005534i 4500 | ||
|---|---|---|---|
| 003 | PE-LiUPU | ||
| 005 | 20250731184520.0 | ||
| 008 | 150617s1960 ag r 000 0 spa d | ||
| 035 | _a(Sirsi) a18645 | ||
| 040 |
_aPE-LiUPU _bspa _cPE-LiUPU _dPE-LiUPU _erda |
||
| 049 | _aPRUA | ||
| 082 | 0 | 4 |
_a954 _bD93 _221 |
| 100 | 1 |
_aDurant, William James, _d1885- , _eautor. |
|
| 245 | 1 | 3 |
_aLa civilización de la India / _cWilliam James Durant. |
| 264 | 1 |
_aBuenos Aires : _bSudamericana, _c1960. |
|
| 300 |
_a387 páginas ; _c25 centímetros |
||
| 336 |
_atext _2rdacontent |
||
| 337 |
_aunmediated _2rdamedia |
||
| 338 |
_avolume _2rdacarrier |
||
| 500 | _aOtra ed.: 1952. | ||
| 505 | 0 | _aLos cimientos de la India -- Buda -- De Alejandro a Aurangzeb -- La vida del pueblo -- El paraíso de los dioses -- La vida del espíritu -- La literatura de la India -- El arte indio -- Epílogo cristiano. | |
| 526 | _aP136 | ||
| 526 | _aP135 | ||
| 526 | _aP134 | ||
| 526 | _aP133 | ||
| 526 | _aP144 | ||
| 526 | _aP143 | ||
| 526 | _aP87 | ||
| 526 | _aP35 | ||
| 526 | _aP20 | ||
| 526 | _aP14 | ||
| 526 | _aP10 | ||
| 526 | _aP06 | ||
| 650 | 0 | 4 | _aCivilización hindú. |
| 651 |
_aIndia _xHistoria. |
||
| 910 |
_ajck _bjvq _cjck _d20150616 |
||
| 942 |
_2ddc _cBOOK |
||
| 949 |
_a954 D93 _wDEWEY _c1 _i05903 _lCCODEBUL1 _mBUL _p22.00 _r0 _sY _tBOOK _u2015-04-22 _xEDUCACION _zUNKNOWN _0COMPRA _o.STAFF. Colección General |
||
| 949 |
_a954 D93 _wDEWEY _c2 _i18338 _lCCODEBUL1 _mBUL _p22.00 _r0 _sY _tBOOK _u2015-04-22 _xEDUCACION _zUNKNOWN _0COMPRA _o.STAFF. Colección Ciencias Humanas y Educación |
||
| 949 |
_a954 D93 _wDEWEY _c3 _i05916 _lCCODEBUL1 _mBUL _p22.00 _r0 _sY _tBOOK _u2015-04-22 _xEDUCACION _zUNKNOWN _0COMPRA _o.STAFF. Colección General |
||
| 994 |
_aC0 _bPEPRU |
||
| 596 | _a1 | ||
| 999 |
_a954 D93 _wDEWEY _c18359 _i05903 _f2019-12-11 _g4 _lDISCARD _mBUL _r0 _sY _tBOOK _u2015-4-22 _xEDUCACION _zUNKNOWN _0COMPRA _o.STAFF. Colección General _d18359 |
||
| 999 |
_a954 D93 _wDEWEY _c2 _i18338 _d2019-5-13 _e2017-6-5 _f2021-11-9 _g5 _lCCODEBUL1 _mBUL _n1 _p22.00 _q1 _r0 _sY _tBOOK _u2015-4-22 _xEDUCACION _zUNKNOWN _0COMPRA _o.STAFF. Colección Ciencias Humanas y Educación |
||
| 999 |
_a954 D93 _wDEWEY _c3 _i05916 _f2019-12-11 _g4 _lDISCARD _mBUL _r0 _sY _tBOOK _u2015-4-22 _xEDUCACION _zUNKNOWN _0COMPRA _o.STAFF. Colección General |
||
| 980 |
_81 _gALBERTO SANCHEZ Responsable de Automatización |
||